The modes of modern writing : (Record no. 145874)
[ view plain ]
| 000 -LEADER | |
|---|---|
| fixed length control field | 00852nam a22002177a 4500 |
| 005 - DATE AND TIME OF LATEST TRANSACTION | |
| control field | 20181120163435.0 |
| 010 ## - LCCN (DPL NO) | |
| LC control number | ENG-122320 |
| 020 ## - INTERNATIONAL STANDARD BOOK NUMBER | |
| International Standard Book Number | 9781474244213 |
| Terms of availability | 699.00 |
| 035 ## - SYSTEM CONTROL NUMBER | |
| System control number | EN-105852 |
| 035 ## - SYSTEM CONTROL NUMBER | |
| System control number | B-683425-426 |
| 037 ## - SOURCE OF ACQUISITION | |
| Source of stock number/acquisition | BSB |
| Stock number | dpl |
| 082 ## - DEWEY DECIMAL CLASSIFICATION NUMBER | |
| Classification number | 809 |
| 100 ## - MAIN ENTRY--PERSONAL NAME | |
| Personal name | Lodge, David |
| 245 ## - TITLE STATEMENT | |
| Title | The modes of modern writing : |
| Statement of responsibility, etc | by David Lodge |
| Remainder of title | metaphor, metonymy, and the typology of modern literature / |
| 260 ## - PUBLICATION, DISTRIBUTION, ETC. (IMPRINT) | |
| Place of publication, distribution, etc | New Delhi |
| Name of publisher, distributor, etc | Bloomsbury |
| Date of publication, distribution, etc | 2015 |
| 270 ## - ADDRESS | |
| Address | 2nd Floor, Building No.4, DDA Complex LSC, Pocket-C-6&&, Vasant Kunj, |
| City | New Delhi |
| Postal code | 110070 |
| 300 v# - PHYSICAL DESCRIPTION | |
| Extent | xviii,348p. |
| Dimensions | 23cm(pbk) |
| 500 ## - GENERAL NOTE | |
| General note | Includes index |
| 942 ## - ADDED ENTRY ELEMENTS (KOHA) | |
| Source of classification or shelving scheme | Dewey Decimal Classification |
| Item type | English Books |
| Call number suffix | LOD |
| Classification part | 809 |
| Withdrawn status | Lost status | Not for loan | Collection code | Home library | Current library | Date acquired | Source of acquisition | Cost, normal purchase price | Full call number | Barcode | Copy number | Cost, replacement price | Koha item type |
|---|---|---|---|---|---|---|---|---|---|---|---|---|---|
| Non-fiction | Ashok Vihar | Ashok Vihar | 27/03/2018 | BSB/292/30.11.2017/EN/2017-18/641/20.11.2017/14.12.2017 | 699.00 | 809 LOD | B-683426 | 1 | 699.00 | English Books | |||
| Not For Loan | Non-fiction | D.B.Act.Division | Bawana | 16/03/2018 | DBAD/PUB | 699.00 | 809 LOD | EN-105852 | 1 | 699.00 | English Books | ||
| Non-fiction | Central Library | Central Library | 27/03/2018 | BSB/292/30.11.2017/EN/2017-18/641/20.11.2017/14.12.2017 | 699.00 | 809 LOD | B-683425 | 1 | 699.00 | English Books |
